[Event "Toronto Chess Centre Summer op U1800"]
[Site "Toronto CAN"]
[Date "2025.06.08"]
[Round "5.14"]
[White "Divadalage, Sanya"]
[Black "Chighvinadze, Robert"]
[Result "1/2-1/2"]
[WhiteElo "1485"]
[BlackElo "1584"]
[WhiteFideId "-1"]
[WhiteFideId "-1"]
[PlyCount "85"]
[GameId "2199999494667678"]
[EventDate "2025.06.07"]
[EventType "swiss"]
[EventRounds "5"]
[EventCountry "CAN"]

1. g3 Nf6 2. Bg2 d5 3. Nf3 Nc6 4. d3 e5 5. O-O Bc5 6. Nc3 h6 7. e4 d4 8. Ne2 Bg4 9. Ne1 Qd7 10. f3 Bh3 11. a3 Bxg2 12. Kxg2 g6 13. b4 Bf8 14. Rb1 Bg7 15. a4 Ne7 16. c3 dxc3 17. Nxc3 O-O 18. Be3 b6 19. Qd2 Kh7 20. h3 a6 21. f4 exf4 22. Bxf4 Nh5 23. Rc1 Nxf4+ 24. Qxf4 Rac8 25. a5 f5 26. Qe3 bxa5 27. bxa5 fxe4 28. Rxf8 Rxf8 29. Nxe4 Nf5 30. Qc5 Rf7 31. Qa7 Qb5 32. Rxc7 Qb2+ 33. Kh1 Ne7 34. Qg1 Bd4 35. Rc2 Qxc2 36. Nxc2 Bxg1 37. Kxg1 Nc6 38. d4 Nxa5 39. d5 Kg7 40. Nb4 Nc4 41. Nxa6 Rd7 42. Nb4 Ne3 43. Nc3 1/2-1/2

[Event "Toronto Chess Centre Summer op U1800"]
[Site "Toronto CAN"]
[Date "2025.06.08"]
[Round "5.15"]
[White "Chighvinadze, Luca"]
[Black "Guan, Isabelle"]
[Result "1/2-1/2"]
[WhiteElo "1600"]
[BlackElo "1667"]
[WhiteFideId "-1"]
[WhiteFideId "-1"]
[PlyCount "60"]
[GameId "2200016172744102"]
[EventDate "2025.06.07"]
[EventType "swiss"]
[EventRounds "5"]
[EventCountry "CAN"]

1. e4 e5 2. Nf3 Nc6 3. Nc3 Nf6 4. d4 exd4 5. Nxd4 Bb4 6. Nxc6 bxc6 7. Bd3 d6 8. O-O h6 9. Bd2 O-O 10. a3 Bc5 11. Re1 Ng4 12. Be3 Bxe3 13. fxe3 Qh4 14. h3 Ne5 15. Qe2 Qg3 16. Qf2 Qg5 17. Kh1 c5 18. Qf4 Qg6 19. Nd5 Kh8 20. Nxc7 Rb8 21. b3 Nxd3 22. cxd3 Rxb3 23. Rad1 Rb2 24. Qh2 Bb7 25. Nd5 Rb8 26. Nc3 Qf6 27. Nd5 Qg6 28. Nc3 Qf6 29. Nd5 Qg6 30. Nc3 Qf6 1/2-1/2

[Event "Toronto Chess Centre Summer op U1800"]
[Site "Toronto CAN"]
[Date "2025.06.08"]
[Round "5.16"]
[White "Parakin, Don"]
[Black "Mourgelas, James"]
[Result "1-0"]
[WhiteElo "1703"]
[BlackElo "1525"]
[WhiteFideId "-1"]
[WhiteFideId "-1"]
[PlyCount "79"]
[GameId "2200025818377646"]
[EventDate "2025.06.07"]
[EventType "swiss"]
[EventRounds "5"]
[EventCountry "CAN"]

1. d4 d5 2. Nf3 Nf6 3. Bg5 Bf5 4. Bxf6 exf6 5. e3 Bd6 6. Bd3 Bxd3 7. Qxd3 c6 8. Nbd2 Qc7 9. c4 dxc4 10. Qxc4 O-O 11. O-O Nd7 12. Ne4 Rae8 13. Nxd6 Qxd6 14. b4 Nb6 15. Qc5 Qxc5 16. bxc5 Nd5 17. Rfc1 Re7 18. a4 Rc8 19. Nd2 Rec7 20. a5 b5 21. cxb6 axb6 22. axb6 Nxb6 23. Ne4 Nd7 24. Nc5 Nxc5 25. Rxc5 Kf8 26. Kf1 Ke7 27. Rac1 Kd6 28. Ke2 g6 29. e4 Ke7 30. Ke3 h6 31. h4 Kd6 32. g4 Kd7 33. h5 g5 34. f4 Kd6 35. e5+ fxe5 36. fxe5+ Kd7 37. Rf1 Rh8 38. Rxf7+ Kd8 39. Rxc7 Kxc7 40. d5 1-0

[Event "Toronto Chess Centre Summer op U1800"]
[Site "Toronto CAN"]
[Date "2025.06.08"]
[Round "5.17"]
[White "O'Malley, Patrick"]
[Black "Camposano, Jose"]
[Result "1-0"]
[WhiteElo "1517"]
[BlackElo "1719"]
[WhiteFideId "-1"]
[WhiteFideId "-1"]
[PlyCount "51"]
[GameId "2200209901022649"]
[EventDate "2025.06.07"]
[EventType "swiss"]
[EventRounds "5"]
[EventCountry "CAN"]

1. f4 d5 2. Nf3 c5 3. e3 a6 4. Be2 Bf5 5. O-O e6 6. d3 Nc6 7. b3 Be7 8. Bb2 Bf6 9. Bxf6 Qxf6 10. c3 Nge7 11. a3 Ng6 12. d4 cxd4 13. cxd4 O-O 14. Nbd2 Rac8 15. b4 Rc7 16. Nb3 Nxb4 17. axb4 Bc2 18. Qc1 Rfc8 19. Nc5 Be4 20. Qe1 Qf5 21. Ne5 Nxe5 22. fxe5 Qg6 23. Qf2 b6 24. Bxa6 Ra8 25. Nxe4 Qxe4 26. Bd3 1-0

[Event "Toronto Chess Centre Summer op U1800"]
[Site "Toronto CAN"]
[Date "2025.06.08"]
[Round "5.18"]
[White "Wang, Angela"]
[Black "Ni, Harrison"]
[Result "1-0"]
[WhiteElo "1658"]
[BlackElo "1577"]
[WhiteFideId "-1"]
[WhiteFideId "-1"]
[PlyCount "101"]
[GameId "2200215481888193"]
[EventDate "2025.06.07"]
[EventType "swiss"]
[EventRounds "5"]
[EventCountry "CAN"]

1. Nf3 Nc6 2. d4 d5 3. g3 Nf6 4. Bg2 Bf5 5. c4 e6 6. O-O Be7 7. Nc3 O-O 8. a3 a6 9. Ne5 h6 10. Be3 Rb8 11. Qb3 Na5 12. Qa4 Nxc4 13. Nxc4 dxc4 14. Qxc4 c6 15. Bf4 Bd6 16. Bxd6 Qxd6 17. e4 b5 18. Qb3 Nxe4 19. Nxe4 Bxe4 20. Bxe4 Qxd4 21. Bxc6 Rfc8 22. Bg2 Rc4 23. Rad1 Qf6 24. Rd6 Rbc8 25. Rxa6 Qd4 26. Ra8 Rxa8 27. Bxa8 Rc5 28. Rd1 Qf6 29. Qb4 Rf5 30. Qd4 Re5 31. Qd8+ Qxd8 32. Rxd8+ Kh7 33. Rd4 Re1+ 34. Kg2 Re2 35. Rb4 Rd2 36. Rxb5 g6 37. a4 Rd4 38. a5 Ra4 39. Bb7 h5 40. a6 Kg7 41. b4 Kh7 42. Ra5 Rxb4 43. Bf3 h4 44. a7 h3+ 45. Kxh3 g5 46. a8=Q g4+ 47. Bxg4 f5 48. Ra7+ Kg6 49. Qe8+ Kh6 50. Qxe6+ Kg5 51. Rg7# 1-0

[Event "Toronto Chess Centre Summer op U1800"]
[Site "Toronto CAN"]
[Date "2025.06.08"]
[Round "5.19"]
[White "Ganeshanathan, Sayan"]
[Black "Zhang, Ethan"]
[Result "0-1"]
[WhiteElo "1564"]
[BlackElo "1570"]
[WhiteFideId "-1"]
[WhiteFideId "-1"]
[PlyCount "107"]
[GameId "2200218867772873"]
[EventDate "2025.06.07"]
[EventType "swiss"]
[EventRounds "5"]
[EventCountry "CAN"]

1. e4 e5 2. Nf3 Nc6 3. d4 exd4 4. Bc4 Nf6 5. O-O Bc5 6. c3 dxc3 7. Nxc3 O-O 8. Bg5 h6 9. Bh4 Re8 10. Nd5 Be7 11. Nxe7+ Qxe7 12. Re1 d6 13. h3 Be6 14. Bxe6 Qxe6 15. Bxf6 Qxf6 16. Qb3 Nd4 17. Nxd4 Qxd4 18. Rad1 Qb6 19. Qxb6 axb6 20. a3 Ra4 21. f3 Kf8 22. Rc1 Rc8 23. Red1 Ke7 24. Rd3 Ra5 25. Rb3 d5 26. Rxb6 cxb6 27. Rxc8 Rc5 28. Rb8 Rc7 29. exd5 Kd6 30. Rd8+ Rd7 31. Rxd7+ Kxd7 32. Kf2 Kd6 33. Ke3 Kxd5 34. Kd3 b5 35. g4 Ke5 36. Kc3 Kf4 37. Kb4 Kxf3 38. Kxb5 Kg3 39. Kb6 Kxh3 40. Kxb7 Kxg4 41. Kb8 h5 42. a4 h4 43. a5 h3 44. a6 h2 45. a7 h1=Q 46. a8=Q Qxa8+ 47. Kxa8 f5 48. b4 f4 49. b5 f3 50. b6 f2 51. b7 f1=Q 52. b8=Q Qa6+ 53. Qa7 Qxa7+ 54. Kxa7 0-1

[Event "Toronto Chess Centre Summer op U1800"]
[Site "Toronto CAN"]
[Date "2025.06.08"]
[Round "5.20"]
[White "Sahni, Anagh"]
[Black "Kamath, Nikita"]
[Result "1/2-1/2"]
[WhiteElo "1525"]
[BlackElo "1494"]
[WhiteFideId "-1"]
[WhiteFideId "-1"]
[PlyCount "89"]
[GameId "2200222291766737"]
[EventDate "2025.06.07"]
[EventType "swiss"]
[EventRounds "5"]
[EventCountry "CAN"]

1. d4 Nf6 2. c4 g6 3. Nc3 Bg7 4. Nf3 O-O 5. Bg5 d6 6. e3 Re8 7. Bd3 Bg4 8. O-O Nbd7 9. h3 Bxf3 10. Qxf3 c6 11. Rfd1 e5 12. dxe5 Nxe5 13. Qe2 Qc7 14. Bc2 h6 15. Bh4 Rad8 16. Bg3 Nh5 17. Bh2 Nf6 18. Bxe5 dxe5 19. e4 Rd4 20. Rd3 Rxc4 21. Rad1 b5 22. Bb3 Rd4 23. Rxd4 exd4 24. Nb1 Rxe4 25. Qf3 Qe5 26. Bc2 Re1+ 27. Rxe1 Qxe1+ 28. Kh2 Qe5+ 29. g3 Nd5 30. Bb3 a5 31. Nd2 a4 32. Bxd5 Qxd5 33. Qxd5 cxd5 34. Kg2 Kf8 35. Kf3 Ke7 36. Ke2 Kd6 37. Kd3 Kc5 38. a3 f5 39. f4 b4 40. h4 b3 41. Nf3 Kd6 42. Nd2 h5 43. Nb1 Kc6 44. Nd2 Kc5 45. Nb1 1/2-1/2

[Event "Toronto Chess Centre Summer op U2100"]
[Site "Toronto CAN"]
[Date "2025.07.07"]
[Round "1.5"]
[White "Zhao, Jifan"]
[Black "Duanmu, Isaac"]
[Result "0-1"]
[WhiteElo "2061"]
[BlackElo "1923"]
[WhiteFideId "-1"]
[WhiteFideId "-1"]
[PlyCount "80"]
[GameId "2197838387712900"]
[EventDate "2025.06.07"]
[EventType "swiss"]
[EventRounds "5"]
[EventCountry "CAN"]

1. e4 c6 2. d4 d5 3. Nc3 dxe4 4. Nxe4 Nf6 5. Nxf6+ exf6 6. c3 Bd6 7. Bd3 O-O 8. Qc2 Re8+ 9. Ne2 h5 10. Be3 h4 11. O-O-O Nd7 12. c4 Nf8 13. h3 Rb8 14. Nc3 a6 15. c5 Bc7 16. d5 cxd5 17. Bc4 Be5 18. Nxd5 Be6 19. f4 Bc7 20. Rhe1 Qc8 21. Qb3 b5 22. Bf1 Bxd5 23. Qxd5 Rxe3 24. Rxe3 Bxf4 25. Rde1 Qc7 26. Kb1 Bxe3 27. Rxe3 Rd8 28. Qh5 Qf4 29. Qe2 Qf5+ 30. Rd3 Rd4 31. c6 Rf4 32. Qe7 Rxf1+ 33. Kc2 Rf2+ 34. Kc3 b4+ 35. Qxb4 Qe5+ 36. Qd4 Qa5+ 37. b4 Qxa2 38. Qd6 Qc2+ 39. Kd4 Ne6+ 40. Ke4 Rf4+ 0-1

[Event "Toronto Chess Centre Summer op U2100"]
[Site "Toronto CAN"]
[Date "2025.06.07"]
[Round "1.6"]
[White "Zhan, Jayden"]
[Black "Fiedler, Brian"]
[Result "1-0"]
[WhiteElo "1896"]
[BlackElo "2001"]
[WhiteFideId "-1"]
[WhiteFideId "-1"]
[PlyCount "95"]
[GameId "2197830508532604"]
[EventDate "2025.06.07"]
[EventType "swiss"]
[EventRounds "5"]
[EventCountry "CAN"]

1. e4 e5 2. Nf3 Nc6 3. Bb5 a6 4. Ba4 Nf6 5. O-O Be7 6. Re1 b5 7. Bb3 d6 8. c3 O-O 9. h3 Na5 10. Bc2 c5 11. d4 Qc7 12. Nbd2 cxd4 13. cxd4 Nc6 14. d5 Nb4 15. Bb1 a5 16. a3 Na6 17. Nf1 Bd7 18. Be3 Nc5 19. Ng3 Rfc8 20. Bc2 b4 21. Rc1 Qb7 22. Nh2 b3 23. Bb1 Na4 24. Qd2 Ne8 25. f4 Bf6 26. f5 Bh4 27. Bf2 f6 28. Nf3 Bxg3 29. Bxg3 Rxc1 30. Rxc1 Rc8 31. Re1 Qc7 32. Bf2 Bb5 33. Kh2 Ba6 34. Be3 Nc5 35. Rg1 a4 36. g4 Kh8 37. g5 Bb5 38. Nh4 fxg5 39. Bxg5 Nd7 40. Nf3 Qc4 41. Rg2 Nef6 42. Bxf6 Nxf6 43. Ng5 Qc1 44. Nf7+ Kg8 45. Nxd6 Qxd2 46. Rxd2 Rc1 47. Nxb5 Nxe4 48. Bxe4 1-0

[Event "Toronto Chess Centre Summer op U2100"]
[Site "Toronto CAN"]
[Date "2025.06.07"]
[Round "1.7"]
[White "Lakhani, Riyaan"]
[Black "Krivykh, Daniel"]
[Result "1-0"]
[WhiteElo "1962"]
[BlackElo "1845"]
[WhiteFideId "-1"]
[WhiteFideId "-1"]
[PlyCount "77"]
[GameId "2197828819366753"]
[EventDate "2025.06.07"]
[EventType "swiss"]
[EventRounds "5"]
[EventCountry "CAN"]

1. d4 f5 2. Bg5 h6 3. Bh4 g5 4. e3 Bg7 5. Bg3 Nf6 6. Bd3 e6 7. h4 g4 8. Ne2 Nc6 9. a3 O-O 10. c4 Ne7 11. Nbc3 c6 12. O-O d5 13. b4 Ne4 14. Bh2 Nxc3 15. Nxc3 h5 16. c5 Ng6 17. Bd6 Rf7 18. g3 e5 19. Ne2 e4 20. Bc2 b5 21. a4 Ba6 22. axb5 Bxb5 23. Ra5 a6 24. Qd2 Rb7 25. Rfa1 Qc8 26. Nc3 Qd8 27. Bb3 Ne7 28. Nxb5 Rxb5 29. Rxa6 Rxa6 30. Rxa6 Nc8 31. Rxc6 Nxd6 32. Rxd6 Qb8 33. Bxd5+ Kh7 34. Be6 Rxb4 35. Bxf5+ Kg8 36. Qa2+ Kh8 37. Bxe4 Rb2 38. Qa5 Rb1+ 39. Kg2 1-0

[Event "Toronto Chess Centre Summer op U2100"]
[Site "Toronto CAN"]
[Date "2025.06.07"]
[Round "1.8"]
[White "Katz, Lyam"]
[Black "Mammadov, Nihad"]
[Result "1/2-1/2"]
[WhiteElo "1812"]
[BlackElo "1942"]
[WhiteFideId "-1"]
[WhiteFideId "-1"]
[PlyCount "152"]
[GameId "2197756889907768"]
[EventDate "2025.06.07"]
[EventType "swiss"]
[EventRounds "5"]
[EventCountry "CAN"]

1. e4 e5 2. Nf3 Nc6 3. Nc3 Nf6 4. Bb5 Bc5 5. O-O O-O 6. Nxe5 Bd4 7. Nf3 Bxc3 8. dxc3 Nxe4 9. Re1 d5 10. c4 Nf6 11. Bg5 Bg4 12. cxd5 Qxd5 13. Qxd5 Nxd5 14. Bxc6 bxc6 15. Ne5 Bf5 16. Nxc6 Bxc2 17. Ne7+ Nxe7 18. Rxe7 c6 19. Rc1 Rfd8 20. Rc7 f6 21. Be3 Be4 22. b3 a5 23. f3 Bd5 24. Ra7 Rxa7 25. Bxa7 Ra8 26. Bc5 a4 27. bxa4 Rxa4 28. a3 Kf7 29. Kf2 Bc4 30. Bb4 Bb5 31. Re1 Ra7 32. Rc1 Rd7 33. Re1 f5 34. f4 h6 35. g3 g5 36. fxg5 hxg5 37. Rc1 Rd4 38. Re1 Rc4 39. Kg1 c5 40. Bd2 g4 41. Rc1 Rxc1+ 42. Bxc1 Ke6 43. Kf2 Kd5 44. Ke3 Kc4 45. Kd2 Kb3 46. Kd1 c4 47. Bf4 Kb2 48. Be5+ c3 49. Bd4 Ba4+ 50. Ke2 Kc2 51. Be5 Bb5+ 52. Ke1 Bc6 53. Ke2 Bf3+ 54. Ke3 Kb3 55. Bh8 Be4 56. Bg7 c2 57. Kd2 Kxa3 58. Kc1 Kb3 59. Be5 Bf3 60. Bf4 Kc3 61. Bb8 Kd3 62. Bf4 Bd1 63. Bb8 Ke2 64. Bf4 Kf2 65. Bb8 Kg2 66. Bf4 Kxh2 67. Bb8 Kg2 68. Bf4 Kf3 69. Bb8 Ke3 70. Bf4+ Kd3 71. Bb8 Bf3 72. Bf4 Bd5 73. Bb8 Ba2 74. Bf4 Bb1 75. Bb8 Ke4 76. Bf4 Kf3 1/2-1/2

[Event "Toronto Chess Centre Summer op U2100"]
[Site "Toronto CAN"]
[Date "2025.06.06"]
[Round "1.9"]
[White "Li, Ethan"]
[Black "Gao, Yiguo"]
[Result "1-0"]
[Annotator "hugh_"]
[WhiteElo "1929"]
[BlackElo "1718"]
[WhiteFideId "-1"]
[WhiteFideId "-1"]
[PlyCount "139"]
[GameId "2197753426674200"]
[EventDate "2025.06.07"]
[EventType "swiss"]
[EventRounds "5"]
[EventCountry "CAN"]

{[%evp 0,120,20,-13,-26,-13,-28,0,-16,-25,10,-4,18,-4,21,19,25,10,40,37,49,42,51,51,44,22,58,21,78,58,53,-5,44,38,47,32,45,15,16,0,73,63,-72,62,104,67,107,43,-6,25,18,-25,22,-20,67,57,-5,66,75,69,170,91,189,71,181,173,186,178,237,232,242,209,292,252,257,124,276,250,120,289,297,194,370,210,385,292,155,307,198,289,344,193,290,181,54,193,48,93,-1,96,17,65,105,85,57,68,38,75,71,58,16,82,40,81,1,133,200,215,238,270,270,243,1633]} 1. f4 d5 2. Nf3 c5 3. e3 Nc6 4. b3 Bf5 5. Bb5 Nf6 6. Bb2 a6 7. Bxc6+ bxc6 8. Ne5 Qc7 9. O-O e6 10. d3 Bd6 11. Nd2 O-O 12. Qe2 Nd7 13. Ndf3 f6 14. Nxd7 Qxd7 15. Nh4 Bg6 16. Nxg6 hxg6 17. Qg4 Kf7 18. Be5 Rh8 19. Rad1 d4 20. Bxd6 Qxd6 21. e4 f5 22. Qe2 Rh4 23. e5 Qd5 24. g3 Rh3 25. Qg2 Qxg2+ 26. Kxg2 Rhh8 27. Rf2 Rab8 28. c3 Rhd8 29. Rc2 Rb6 30. cxd4 cxd4 31. Rdc1 Rc8 32. Rc4 Ke7 33. Rxd4 a5 34. Kf3 Rb5 35. Rdc4 Rb6 36. Rc5 Ra6 37. R1c4 Kd7 38. Ra4 Rca8 39. Rd4+ Ke7 40. Rd6 Rc8 41. d4 Kf7 42. d5 exd5 43. Rdxd5 cxd5 44. Rxc8 a4 45. Rc7+ Kf8 46. Rd7 axb3 47. axb3 Rb6 48. Rxd5 Rxb3+ 49. Kg2 Rb2+ 50. Kh3 Ke7 51. Rd6 Kf7 52. Rd7+ Kf8 53. Rd1 g5 54. fxg5 Re2 55. g6 Rxe5 56. Kh4 Re2 57. h3 Re4+ 58. Kg5 Re5 59. Rf1 Kg8 60. Rxf5 Rxf5+ 61. Kxf5 Kf8 62. h4 Kg8 63. g4 Kf8 64. h5 Kg8 65. g5 Kf8 66. Ke6 Kg8 67. h6 Kh8 68. Kf7 gxh6 69. g7+ Kh7 70. g8=Q# 1-0

[Event "Toronto Chess Centre Summer op U2100"]
[Site "Toronto CAN"]
[Date "2025.06.07"]
[Round "2.5"]
[White "Duanmu, Isaac"]
[Black "Lakhani, Riyaan"]
[Result "0-1"]
[WhiteElo "1923"]
[BlackElo "1962"]
[WhiteFideId "-1"]
[WhiteFideId "-1"]
[PlyCount "64"]
[GameId "2198114071050450"]
[EventDate "2025.06.07"]
[EventType "swiss"]
[EventRounds "5"]
[EventCountry "CAN"]

1. d4 g6 2. c4 Bg7 3. Nc3 d6 4. e4 e5 5. d5 a5 6. h3 Na6 7. Be3 f5 8. exf5 gxf5 9. Qh5+ Kf8 10. Bd3 Nf6 11. Qe2 c6 12. Bg5 Nc5 13. Bc2 Qb6 14. O-O-O h6 15. Be3 cxd5 16. Nxd5 Nxd5 17. Rxd5 Be6 18. Rd2 f4 19. Bxc5 Qxc5 20. Bd3 d5 21. Rc2 e4 22. Bxe4 dxe4 23. Qxe4 Bf5 24. Qxf4 Kg8 25. Rd2 Rc8 26. b3 b5 27. Kd1 bxc4 28. Ne2 c3 29. Rd6 c2+ 30. Kd2 Bc3+ 31. Nxc3 Qxc3+ 32. Ke2 Re8+ 0-1

[Event "Toronto Chess Centre Summer op U2100"]
[Site "Toronto CAN"]
[Date "2025.06.07"]
[Round "2.6"]
[White "Zhan, Jayden"]
[Black "Li, Ethan"]
[Result "1-0"]
[WhiteElo "1896"]
[BlackElo "1929"]
[WhiteFideId "-1"]
[WhiteFideId "-1"]
[PlyCount "87"]
[GameId "2198110445217991"]
[EventDate "2025.06.07"]
[EventType "swiss"]
[EventRounds "5"]
[EventCountry "CAN"]

1. e4 d6 2. d4 Nf6 3. Nc3 g6 4. Nf3 Bg7 5. Be3 Bg4 6. Bc4 O-O 7. h3 Bxf3 8. Qxf3 Nbd7 9. Qe2 c6 10. Bb3 Qc7 11. O-O a6 12. Rad1 Kh8 13. Bf4 Rac8 14. a3 e5 15. Bh2 Nh5 16. dxe5 dxe5 17. Na4 b5 18. Nc3 Nc5 19. Ba2 Ne6 20. Bxe6 fxe6 21. Qg4 Qe7 22. Rd2 Rcd8 23. Rfd1 Rxd2 24. Rxd2 Nf4 25. Qd1 Qg5 26. Bg3 Bh6 27. Rd6 Nh5 28. Bh2 Qf6 29. Qe2 Rc8 30. Na2 Bf8 31. Rd7 Nf4 32. Qd1 Bc5 33. Rd2 Qg5 34. Bxf4 exf4 35. Rd3 Qh4 36. Qd2 Be7 37. Nc3 c5 38. Ne2 c4 39. Rd7 Rf8 40. Nd4 Qf6 41. e5 Qh4 42. Nxe6 Rf5 43. Nd4 Rh5 44. Nf3 1-0

[Event "Toronto Chess Centre Summer op U2100"]
[Site "Toronto CAN"]
[Date "2025.06.07"]
[Round "2.7"]
[White "Mammadov, Nihad"]
[Black "Wang, Zi"]
[Result "1-0"]
[WhiteElo "1942"]
[BlackElo "1736"]
[WhiteFideId "-1"]
[WhiteFideId "-1"]
[PlyCount "61"]
[GameId "2198082111211711"]
[EventDate "2025.06.07"]
[EventType "swiss"]
[EventRounds "5"]
[EventCountry "CAN"]

1. e4 Nc6 2. Nc3 e5 3. Nf3 Nf6 4. Bb5 d6 5. d4 Bd7 6. dxe5 Nxe5 7. Bxd7+ Nexd7 8. O-O Be7 9. b3 O-O 10. Bb2 Ne5 11. Nxe5 dxe5 12. Qe2 c6 13. Rad1 Qc7 14. Rfe1 Bb4 15. Rd3 Rad8 16. Red1 Rxd3 17. Qxd3 h6 18. Ne2 Bc5 19. h3 Qb6 20. Qf3 Re8 21. Ng3 Re6 22. Nf5 Nh7 23. Qg3 Rg6 24. Qxe5 Nf6 25. Qb8+ Kh7 26. Rd8 Rg5 27. Bxf6 Bxf2+ 28. Kh1 Qa5 29. Rd1 gxf6 30. Qf8 Qc7 31. Rd8 1-0

[Event "Toronto Chess Centre Summer op U2100"]
[Site "Toronto CAN"]
[Date "2025.06.07"]
[Round "2.8"]
[White "Allahverdi, Umid"]
[Black "Katz, Lyam"]
[Result "1/2-1/2"]
[WhiteElo "1885"]
[BlackElo "1812"]
[WhiteFideId "-1"]
[WhiteFideId "-1"]
[PlyCount "89"]
[GameId "2198038520193091"]
[EventDate "2025.06.07"]
[EventType "swiss"]
[EventRounds "5"]
[EventCountry "CAN"]

1. e4 e5 2. Nf3 Nc6 3. Bb5 a6 4. Ba4 Nf6 5. O-O Be7 6. Re1 b5 7. Bb3 O-O 8. c3 d5 9. exd5 Nxd5 10. d4 exd4 11. Nxd4 Nxd4 12. Qxd4 Bb7 13. Bxd5 Bxd5 14. Bf4 Bf6 15. Be5 Bxe5 16. Rxe5 Be6 17. Nd2 Qxd4 18. cxd4 Rad8 19. Nf3 Bd5 20. Rd1 Bxf3 21. gxf3 Rd6 22. Rc5 c6 23. d5 Rfd8 24. Rdc1 cxd5 25. Rc6 Rxc6 26. Rxc6 d4 27. Kf1 Ra8 28. Rd6 Kf8 29. Rxd4 Ke7 30. Ke2 Rc8 31. Kd2 Rc6 32. Rh4 h6 33. Rg4 Kf8 34. f4 Rc4 35. f3 Rc5 36. Rg2 g6 37. Kd3 Ke7 38. Kd4 Rh5 39. b4 Rh3 40. Ke3 Ke6 41. a3 Kd5 42. Rc2 Kd6 43. Rd2+ Ke6 44. Rc2 Kd6 45. Rd2+ 1/2-1/2

[Event "Toronto Chess Centre Summer op U2100"]
[Site "Toronto CAN"]
[Date "2025.06.07"]
[Round "2.9"]
[White "Krivykh, Daniel"]
[Black "Zhao, Jifan"]
[Result "0-1"]
[WhiteElo "1845"]
[BlackElo "2061"]
[WhiteFideId "-1"]
[WhiteFideId "-1"]
[PlyCount "39"]
[GameId "2200734843081236"]
[EventDate "2025.06.07"]
[EventType "swiss"]
[EventRounds "5"]
[EventCountry "CAN"]

1. c4 e6 2. Nf3 Nf6 3. g3 d5 4. Bg2 c6 5. O-O Be7 6. d4 b6 7. Nc3 Bb7 8. Qc2 Nbd7 9. b3 O-O 10. e4 Rc8 11. e5 Ne8 12. Bb2 Nc7 13. Rac1 c5 14. cxd5 Nxd5 15. Nxd5 Bxd5 16. Qd2 Bxf3 17. Bxf3 Bg5 18. Qe2 Bxc1 19. Rxc1 cxd4 20. Bxd4 0-1

[Event "Toronto Chess Centre Summer op U2100"]
[Site "Toronto CAN"]
[Date "2025.06.07"]
[Round "3.5"]
[White "Lakhani, Riyaan"]
[Black "Zhan, Jayden"]
[Result "0-1"]
[WhiteElo "1962"]
[BlackElo "1896"]
[WhiteFideId "-1"]
[WhiteFideId "-1"]
[PlyCount "106"]
[GameId "2198116003580237"]
[EventDate "2025.06.07"]
[EventType "swiss"]
[EventRounds "5"]
[EventCountry "CAN"]

1. d4 Nf6 2. c4 g6 3. f3 Bg7 4. e4 d6 5. Nc3 O-O 6. Nge2 Nc6 7. Be3 e5 8. d5 Ne7 9. g4 c6 10. Qd2 cxd5 11. cxd5 Bd7 12. Nc1 a6 13. a4 Rb8 14. a5 Nc8 15. Be2 Ra8 16. O-O Ne8 17. Kh1 Kh8 18. b4 f5 19. gxf5 gxf5 20. Nd3 f4 21. Bf2 Nf6 22. Nb2 Qe8 23. Nc4 Qh5 24. Rg1 Ng8 25. Bb6 Rf6 26. Rg2 Bh3 27. Rf2 Rh6 28. Bf1 Bd7 29. Bc7 Bf8 30. Nb6 Nxb6 31. axb6 Be7 32. Qe2 Bh4 33. Rg2 Ne7 34. Ra2 Bg3 35. b5 a5 36. Rb2 Bh3 37. Rf2 Bxf2 38. Bxh3 Qxh3 39. Qxf2 Rg6 40. Ne2 Rag8 41. Ng1 Rxg1+ 42. Qxg1 Rxg1+ 43. Kxg1 Qxf3 44. Bxd6 Ng6 45. Bc7 Qxe4 46. d6 Qd4+ 47. Rf2 Nf8 48. Kg2 a4 49. h4 a3 50. h5 a2 51. d7 Nxd7 52. h6 Qxf2+ 53. Kxf2 a1=Q 0-1

[Event "Toronto Chess Centre Summer op U2100"]
[Site "Toronto CAN"]
[Date "2025.06.07"]
[Round "3.6"]
[White "Zhao, Jifan"]
[Black "Mammadov, Nihad"]
[Result "0-1"]
[WhiteElo "2061"]
[BlackElo "1942"]
[WhiteFideId "-1"]
[WhiteFideId "-1"]
[PlyCount "102"]
[GameId "2198203534703048"]
[EventDate "2025.06.07"]
[EventType "swiss"]
[EventRounds "5"]
[EventCountry "CAN"]

1. e4 e5 2. Nf3 Nc6 3. Bb5 a6 4. Bxc6 dxc6 5. d3 Bd6 6. Be3 Ne7 7. Nbd2 h6 8. Nc4 Ng6 9. Qd2 Be6 10. h4 h5 11. Ng5 Bxc4 12. dxc4 f6 13. Nf3 Qe7 14. O-O-O O-O-O 15. Qa5 Bb4 16. Qa4 Bc5 17. Qb3 Kb8 18. g3 Bxe3+ 19. Qxe3 Qb4 20. b3 Ne7 21. Kb2 c5 22. Nd2 Rd6 23. Nb1 Rhd8 24. Rxd6 Rxd6 25. Nc3 Rd4 26. Qe2 g6 27. Nd5 Nxd5 28. exd5 Qd2 29. Qxd2 Rxd2 30. Rf1 Rd4 31. Kc1 Rg4 32. Rg1 e4 33. Kd2 Kc8 34. Ke3 Kd7 35. c3 Kd6 36. b4 b5 37. cxb5 axb5 38. Rd1 g5 39. hxg5 fxg5 40. bxc5+ Kxc5 41. Rd4 h4 42. gxh4 gxh4 43. f3 Rg2 44. Rxe4 h3 45. Rh4 h2 46. a3 Kxd5 47. Kd3 Rf2 48. Rh5+ Kc6 49. Ke3 Rc2 50. Kd4 Rd2+ 51. Ke5 Rd5+ 0-1

[Event "Toronto Chess Centre Summer op U2100"]
[Site "Toronto CAN"]
[Date "2025.06.07"]
[Round "3.7"]
[White "Li, Ethan"]
[Black "Allahverdi, Umid"]
[Result "1-0"]
[WhiteElo "1929"]
[BlackElo "1885"]
[WhiteFideId "-1"]
[WhiteFideId "-1"]
[PlyCount "57"]
[GameId "2198213958523344"]
[EventDate "2025.06.07"]
[EventType "swiss"]
[EventRounds "5"]
[EventCountry "CAN"]

1. f4 e5 2. fxe5 d6 3. exd6 Bxd6 4. Nf3 g5 5. g3 h5 6. d4 f6 7. Qd3 Ne7 8. Nc3 h4 9. Ne4 hxg3 10. Nxf6+ Kf7 11. Bxg5 gxh2 12. O-O-O Nbc6 13. Qb3+ Kg7 14. Ne4 Kf8 15. Bf6 Rh5 16. Ne5 Bxe5 17. dxe5 Qe8 18. Bg2 Nf5 19. Qa3+ Kf7 20. Ng5+ Kg6 21. Be4 Kh6 22. Bxc6 bxc6 23. Rd8 Qxd8 24. Bxd8 Rxg5 25. Bxg5+ Kxg5 26. Rxh2 Be6 27. e4 Ng7 28. Qe7+ Kg6 29. Qf6# 1-0

[Event "Toronto Chess Centre Summer op U2100"]
[Site "Toronto CAN"]
[Date "2025.06.07"]
[Round "3.8"]
[White "Katz, Lyam"]
[Black "Duanmu, Isaac"]
[Result "0-1"]
[WhiteElo "1812"]
[BlackElo "1923"]
[WhiteFideId "-1"]
[WhiteFideId "-1"]
[PlyCount "84"]
[GameId "2198398439660114"]
[EventDate "2025.06.07"]
[EventType "swiss"]
[EventRounds "5"]
[EventCountry "CAN"]

1. e4 c6 2. d4 d5 3. f3 dxe4 4. fxe4 e5 5. Nf3 Bg4 6. c3 Nd7 7. Be2 Ngf6 8. Nbd2 Bd6 9. Nc4 Bc7 10. Qc2 Qe7 11. dxe5 Nxe5 12. Ncxe5 Bxe5 13. Bg5 Bxf3 14. gxf3 Qd6 15. Bxf6 Bxf6 16. O-O O-O-O 17. Rad1 Qf4 18. Qc1 Qh4 19. Qe3 Rde8 20. Qxa7 Be5 21. Qf2 Qg5+ 22. Kh1 Bf4 23. Rg1 Qh6 24. Rg4 Re5 25. Rh4 Qf6 26. Rh3 Qe6 27. Qh4 g5 28. Qg4 f5 29. exf5 Qf6 30. Bc4 Kb8 31. Be6 Re2 32. Qg1 Rxb2 33. Rb1 Qxc3 34. Rxb2 Qxb2 35. Bb3 Qc3 36. Qf1 Re8 37. Be6 Rh8 38. Bb3 h5 39. Bc4 h4 40. Bb3 Rd8 41. Be6 Rd2 42. Qg1 Re2 0-1